000 00531nam a2200217Ia 4500
003 OSt
005 20220928135442.0
006 a|||||r|||| 00| 0
007 ta
008 220927b |||||||| |||| 00| 0 eng d
024 _a2249
037 _cTextual
040 _aSDCL
_cSDCL
_beng
041 _2eng
_aeng
082 _aO-,1H32:g, F3
100 _aLangland William
_9490725
245 0 _aPiers the plowman
250 _a10
942 _hO-,1H32:g, F3
_cTEXL
_2CC
999 _c806060
_d806060